000 00653nam a2200241Ia 4500
003 OSt
005 20221007063544.0
006 a|||||r|||| 00| 0
007 ta
008 221006b |||||||| |||| 00| 0 eng d
020 _cRs.25/-
024 _a15,004
037 _cTextual
040 _aFLL
_cFLL
_beng
041 _2eng
_aeng
082 _aX:9588:Z2, K8
100 _aGanguli C.L. Au.
_9684464
245 0 _aLaw of employees' state insurance in india
260 _aCalcutta
_bEastern book agency India
_c1968
300 _a443p
_ccm.
942 _hX:9588:Z2, K8
_cTEXL
_2CC
999 _c1131525
_d1131525